[Event "POL-ch U13 Qual"]
[Site "Jastrzebia Gora"]
[Date "2021.11.20"]
[Round "8"]
[White "Zmuda, Tomasz"]
[Black "Osinski, Maksymilian"]
[Result "1-0"]
[WhiteElo "1343"]
[BlackElo "1238"]
[PlyCount "115"]
[EventDate "2021.11.15"]
[EventType "swiss"]
[EventRounds "9"]
[EventCountry "POL"]
[SourceTitle "EXT 2023"]
[Source "ChessBase"]
[SourceDate "2022.10.05"]
[SourceVersion "1"]
[SourceVersionDate "2022.10.05"]
[SourceQuality "1"]

1. e4 c5 2. Nf3 d6 3. d4 cxd4 4. Nxd4 Nf6 5. Nc3 g6 6. f4 Nc6 7. Nf3 Bg4 8. h3 Bxf3 9. Qxf3 Bg7 10. Bb5 0-0 11. Bxc6 bxc6 12. 0-0 Qb6+ 13. Kh1 Nd7 14. Rb1 Bd4 15. Qd3 Bg7 16. Be3 Nc5 17. Qc4 Bxc3 18. bxc3 Qa5 19. f5 Kg7 20. f6+ exf6 21. Qd4 Qd8 22. Rxf6 Qxf6 23. Bh6+ Kxh6 24. Qxf6 d5 25. g4 Nxe4 26. g5+ Kh5 27. Qf4 f5 28. Rg1 Rab8 29. Qf3+ Kh4 30. Rg4+ Kh5 31. Rxe4+ Kxg5 32. Qe3+ Kh5 33. h4 Rb1+ 34. Kg2 f4 35. Rxf4 Rxf4 36. Qxf4 h6 37. Qf3+ Kxh4 38. Qf2+ Kg5 39. Kg3 Rg1+ 40. Qxg1 Kf6 41. Qxa7 h5 42. a4 g5 43. a5 h4+ 44. Kg4 h3 45. Kxh3 Kf5 46. Qd7+ Ke5 47. a6 d4 48. Qxd4+ Ke6 49. a7 c5 50. Qxc5 g4+ 51. Kh4 g3 52. a8R g2 53. Ra6+ Kd7 54. Rd6+ Ke8 55. Qe5+ Kf7 56. Rf6+ Kg7 57. Qg5+ Kh7 58. Rh6# 1-0